[Event "Erfurt HT op 26th"]
[Site "Erfurt"]
[Date "2016.12.27"]
[Round "2"]
[White "Waehner, Manuel"]
[Black "Schoenrock, Ruediger"]
[Result "1/2-1/2"]
[WhiteElo "1793"]
[BlackElo "2022"]
[PlyCount "82"]
[EventDate "2016.12.26"]
[EventType "swiss"]
[EventRounds "8"]
[EventCountry "GER"]
[SourceTitle "EXT 2018"]
[Source "ChessBase"]
[SourceDate "2017.10.13"]
[SourceVersion "1"]
[SourceVersionDate "2017.10.13"]
[SourceQuality "1"]

1. d4 d5 2. c4 c6 3. Nf3 Nf6 4. Nc3 dxc4 5. a4 Na6 6. e3 Be6 7. Ne5 c5 8. Nxc4 cxd4 9. exd4 Nb4 10. Na3 g6 11. Be2 Bg7 12. 0-0 0-0 13. Be3 Rc8 14. Qd2 Nfd5 15. Rac1 f5 16. Nxd5 Nxd5 17. Rxc8 Qxc8 18. Bh6 Bxh6 19. Qxh6 Nf6 20. Rc1 Qd7 21. Bc4 Bxc4 22. Rxc4 Rc8 23. Qc1 Rxc4 24. Qxc4+ Qd5 25. Qxd5+ Nxd5 26. Nc2 Kf7 27. Kf1 Ke6 28. g3 Nf6 29. f3 Kd5 30. b3 Nd7 31. Ke2 e5 32. dxe5 Nxe5 33. Ke3 Kc5 34. Kf4 Kd5 35. Ke3 h6 36. Nd4 Kc5 37. Nc2 a5 38. Ke2 Nc6 39. Ke3 Nb4 40. Ne1 Nd5+ 41. Kd3 Kb4 1/2-1/2

[Event "Rostock SSC 07 op 15th"]
[Site "Rostock"]
[Date "2016.07.30"]
[Round "6"]
[White "Niermann, Tristan"]
[Black "Schoenrock, Ruediger"]
[Result "1-0"]
[WhiteElo "2127"]
[BlackElo "2014"]
[PlyCount "83"]
[EventDate "2016.07.27"]
[EventType "swiss"]
[EventRounds "7"]
[EventCountry "GER"]
[SourceTitle "EXT 2017"]
[Source "ChessBase"]
[SourceDate "2016.10.25"]
[SourceVersion "1"]
[SourceVersionDate "2016.10.25"]
[SourceQuality "1"]

1. d4 d5 2. c4 c6 3. Nf3 Nf6 4. Qc2 Bg4 5. Ne5 e6 6. Nxg4 Nxg4 7. h3 Nf6 8. g3 Nbd7 9. Bg2 Be7 10. 0-0 0-0 11. Rd1 Qc7 12. b3 Rac8 13. Nc3 Rfd8 14. Bb2 b6 15. Rac1 h6 16. Qb1 Qb8 17. e4 dxe4 18. Nxe4 Nxe4 19. Qxe4 Nf6 20. Qe2 Rd7 21. Rc2 Qc7 22. Rcd2 Rcd8 23. Rc1 c5 24. Rcd1 cxd4 25. Rxd4 Rxd4 26. Rxd4 Rxd4 27. Bxd4 Qd7 28. Bc3 Ne8 29. Qd2 Qc7 30. Qd3 Bf6 31. Bd2 Nd6 32. Bf4 e5 33. Bd2 Bg5 34. Bb4 Nb7 35. Qd5 Nc5 36. Bc3 Bf6 37. b4 Ne6 38. Be4 Nd4 39. Kg2 h5 40. f4 h4 41. fxe5 Qxe5 42. Qa8+ 1-0

[Event "Rostock SSC 07 op 15th"]
[Site "Rostock"]
[Date "2016.07.29"]
[Round "4"]
[White "Hohlbein, Michael"]
[Black "Schoenrock, Ruediger"]
[Result "0-1"]
[WhiteElo "2114"]
[BlackElo "2014"]
[PlyCount "44"]
[EventDate "2016.07.27"]
[EventType "swiss"]
[EventRounds "7"]
[EventCountry "GER"]
[SourceTitle "EXT 2017"]
[Source "ChessBase"]
[SourceDate "2016.10.25"]
[SourceVersion "1"]
[SourceVersionDate "2016.10.25"]
[SourceQuality "1"]

1. e4 e5 2. Nc3 Bc5 3. Bc4 d6 4. d3 Nc6 5. Na4 Bb6 6. Nxb6 axb6 7. f4 Nf6 8. Nf3 Qe7 9. 0-0 Be6 10. Bxe6 Qxe6 11. d4 Nxd4 12. Nxd4 exd4 13. e5 dxe5 14. fxe5 Qxe5 15. Bf4 Qc5 16. Re1+ Kf8 17. b4 Qxb4 18. c3 dxc3 19. Be5 h5 20. Rb1 Qc5+ 21. Bd4 Qc6 22. Qc2 Rh6 0-1

[Event "Rostock SSC 07 op 15th"]
[Site "Rostock"]
[Date "2016.07.28"]
[Round "3"]
[White "Schoenrock, Ruediger"]
[Black "Schulz, Gerhard1111"]
[Result "1-0"]
[WhiteElo "2014"]
[BlackElo "1874"]
[PlyCount "97"]
[EventDate "2016.07.27"]
[EventType "swiss"]
[EventRounds "7"]
[EventCountry "GER"]
[SourceTitle "EXT 2017"]
[Source "ChessBase"]
[SourceDate "2016.10.25"]
[SourceVersion "1"]
[SourceVersionDate "2016.10.25"]
[SourceQuality "1"]

1. e4 e6 2. c4 d5 3. cxd5 exd5 4. exd5 Qxd5 5. Nc3 Qa5 6. Nf3 Nf6 7. Bc4 Be7 8. 0-0 0-0 9. Re1 Nc6 10. d4 Bg4 11. d5 Bxf3 12. Qxf3 Nd4 13. Qd3 Bc5 14. Be3 b5 15. Nxb5 Nxb5 16. Bxc5 Nd6 17. b4 Qa4 18. Bb3 Qd7 19. Re2 Rfe8 20. Rae1 Rxe2 21. Rxe2 a5 22. bxa5 Rxa5 23. Bb4 Ra8 24. Bc3 Nde8 25. Qe3 h6 26. Qe5 Kf8 27. Bb4+ Nd6 28. Qf4 Re8 29. Rxe8+ Kxe8 30. Bxd6 Qxd6 31. Qxd6 cxd6 32. f3 Kd8 33. Kf2 Kc7 34. Ke3 Kb6 35. Kd4 Kb5 36. f4 Kb4 37. h3 Nd7 38. g4 Nc5 39. Bc4 Nb7 40. h4 f6 41. h5 Na5 42. Ba6 Ka3 43. Ke4 Kb4 44. Kf5 Kc5 45. Ke6 Kb6 46. Be2 Kc5 47. Bf3 Nc4 48. Kf7 g5 49. hxg6 1-0

[Event "Leipzig VfB op 19th"]
[Site "Leipzig"]
[Date "2012.03.10"]
[Round "8"]
[White "Richter, Leonard"]
[Black "Schoenrock, Ruediger"]
[Result "1/2-1/2"]
[WhiteElo "1862"]
[BlackElo "2063"]
[PlyCount "49"]
[EventDate "2012.03.06"]
[EventType "swiss"]
[EventRounds "9"]
[EventCountry "GER"]
[SourceTitle "CBM 147 Extra"]
[Source "ChessBase"]
[SourceDate "2012.04.24"]
[SourceVersion "1"]
[SourceVersionDate "2012.04.24"]
[SourceQuality "1"]

1. e4 e5 2. Nf3 Nf6 3. Nxe5 d6 4. Nxf7 Kxf7 5. d4 c5 6. dxc5 Bg4 7. f3 Be6 8. e5 Nfd7 9. exd6 Nxc5 10. Bf4 Nc6 11. Nc3 Qf6 12. Qd2 Qd4 13. Qxd4 Nxd4 14. 0-0-0 Nc6 15. a3 g6 16. b4 Bg7 17. Nd5 Bxd5 18. Rxd5 Nd7 19. Bc4 Kf8 20. Ba2 Nd4 21. Kd2 Re8 22. Be3 Nxc2 23. Bxa7 Nxa3 24. Ra5 Bb2 25. Be3 1/2-1/2

[Event "Siebenlehn op 12th"]
[Site "Siebenlehn"]
[Date "2011.12.29"]
[Round "5"]
[White "Medunova, Vera"]
[Black "Schoenrock, Ruediger"]
[Result "1/2-1/2"]
[WhiteElo "2088"]
[BlackElo "2079"]
[PlyCount "32"]
[EventDate "2011.12.27"]
[EventType "swiss"]
[EventRounds "7"]
[EventCountry "GER"]
[SourceTitle "EXT 2013"]
[Source "ChessBase"]
[SourceDate "2012.11.22"]
[SourceVersion "1"]
[SourceVersionDate "2012.11.22"]
[SourceQuality "1"]

1. e4 e5 2. f4 Bc5 3. Nf3 d6 4. Nc3 Nf6 5. Bc4 Nc6 6. d3 Ng4 7. Qe2 Nd4 8. Nxd4 Bxd4 9. Nd1 exf4 10. Bxf4 0-0 11. c3 Be5 12. 0-0 Bxf4 13. Rxf4 Qg5 14. g3 Ne5 15. Ne3 Nxc4 16. Nxc4 d5 1/2-1/2

[Event "Nordhausen op 11th"]
[Site "Nordhausen"]
[Date "2011.08.05"]
[Round "4.11"]
[White "Schoenrock, Ruediger"]
[Black "Koksch, Florian"]
[Result "1-0"]
[WhiteElo "2061"]
[BlackElo "1855"]
[PlyCount "41"]
[EventDate "2011.08.04"]
[EventType "swiss"]
[EventRounds "7"]
[EventCountry "GER"]
[SourceTitle "EXT 2019"]
[Source "ChessBase"]
[SourceDate "2018.10.10"]
[SourceVersion "1"]
[SourceVersionDate "2018.10.10"]
[SourceQuality "1"]

1. e4 e5 2. Nf3 Nc6 3. Nc3 Nf6 4. d4 Bb4 5. d5 Ne7 6. Nxe5 d6 7. Bb5+ Kf8 8. Nf3 c6 9. dxc6 bxc6 10. Bd3 Qa5 11. Bd2 Qh5 12. a3 Ba5 13. 0-0 Ng6 14. Ne2 Bxd2 15. Qxd2 Qg4 16. Qg5 Qd7 17. Rad1 h6 18. Qa5 h5 19. e5 Nd5 20. Bxg6 fxg6 21. c4 1-0

[Event "Mecklenburg VP VL 1011"]
[Site "Mecklenburg VP"]
[Date "2011.02.27"]
[Round "7.3"]
[White "Schoenrock, Ruediger"]
[Black "Roehl, Rainer"]
[Result "1/2-1/2"]
[WhiteElo "1909"]
[BlackElo "2163"]
[PlyCount "55"]
[EventDate "2010.10.10"]
[EventType "team-tourn"]
[EventRounds "9"]
[EventCountry "GER"]
[SourceTitle "EXT 2022"]
[Source "ChessBase"]
[SourceDate "2021.10.06"]
[SourceVersion "1"]
[SourceVersionDate "2021.10.06"]
[SourceQuality "1"]
[WhiteTeam "Rostock HSG Uni"]
[BlackTeam "Neukloster II"]
[WhiteTeamCountry "GER"]
[BlackTeamCountry "GER"]

1. e4 c5 2. c3 g6 3. d4 cxd4 4. cxd4 d5 5. exd5 Nf6 6. Bb5+ Nbd7 7. Nc3 Bg7 8. Nf3 0-0 9. Bxd7 Bxd7 10. Bg5 Bg4 11. h3 Bxf3 12. Qxf3 h6 13. Bf4 Qd7 14. 0-0 Rfd8 15. d6 exd6 16. Bxh6 Bxh6 17. Qxf6 Bg7 18. Qf4 d5 19. Rfe1 Rac8 20. Re3 Rc4 21. Rd1 Rdc8 22. Qh4 Qf5 23. Rde1 Rf8 24. Rf3 Qd7 25. b3 Rxd4 26. Qg5 Re8 27. Rxe8+ Qxe8 28. Re3 1/2-1/2